| 000 | 02447nam a22003497a 4500 | ||
|---|---|---|---|
| 005 | 20220114122318.0 | ||
| 008 | 201107k19331935enk |||f||||| 001 0 mul d | ||
| 020 | _a9780674992993 | ||
| 020 | _a9780674993174 | ||
| 040 |
_cSandra Yazo _dSandra Yazo |
||
| 041 | 0 |
_aeng _agre |
|
| 082 | 0 | 4 |
_220 _a185.1 |
| 092 | _aE62N060 | ||
| 100 | 1 |
_aAristóteles _91041 _d384-322 a. C. |
|
| 242 | 0 | 0 |
_aAristóteles _bXVII-XVIII. _cTraducidos al inglés por Hugh Tredennick ; G. Cyril Armstrong, _pMetafísica ; Económica ; Gran Moral. _yspa |
| 245 | 1 | 0 |
_aAristotle _bXVII-XVIII. _cWith an english translation by Hugh Tredennick ; Cyril Armstrong. _pMetaphysics ; Oconomica ; Magna Moralia. |
| 260 |
_aLondon [Londres] (Inglaterra) _bHarvard University Press [Imprenta de la Universidad de Harvard] _c1933-1935 |
||
| 300 |
_a2 volúmenes (xxxvi, 473 ; x, 688 páginas) _c16 x 11 cm. |
||
| 490 | 0 |
_aLoeb classical Library _v271 ; 287 |
|
| 500 | _aDetalles físicos: Encuadernación rígida. Cartón duro forrado en tela. Lomo con adornos en dorado. En la tapa delantera anagrama en dorado. Cubierta de papel verde con solapa, que incluye datos de autor y de la obra. Guardas. Hoja de cortesía. Anteportada. Portada impresa en una sola tinta; información sobre la obra dentro de un recuadro. Pequeño grabado con el emblema de la Colección (Palas Athenea); en el círculo, la inscripción “Loeb Classical Library”. Texto muy bien impreso en una sola columna: el texto griego, con párrafos numerados, ocupa la página derecha; la traducción inglesa correspondiente a la página de la izquierda. Notas de pie de página. Incluye índice. Hojas de cortesía posteriores y guardas. V.1: Incluye un gráfico. | ||
| 505 | 0 | _aAristóteles 17-18: V.1: Introducción ; Bibliografía ; Metafísica: Libros I al IX -- V.2: Listado de las Obras de Aristóteles ; Metafísica: Libros X al XIV ; Índice ; La económica: Libros I al III ; Introducción ; Índice ; La Gran Moral: Libros I y II ; Introducción ; Índice | |
| 506 | _aConsulta en sala | ||
| 546 | _aTexto en inglés y griego | ||
| 650 | 7 |
_915732 _aFilosofía aristotélica |
|
| 650 | 7 |
_919397 _aMetafísica |
|
| 650 | 7 |
_9174 _aEconomía |
|
| 650 | 7 |
_919752 _aMoral |
|
| 690 |
_aFilosofía _975 |
||
| 700 | 1 | 4 |
_aTredennick, Hugh _etraductor _d1899-1982 _9101707 |
| 700 | 1 | 4 |
_aArmstrong, G. Cyril _etraductor _d1875- _q(George Cyril) _9101869 |
| 942 |
_2LOCAL _cLIBRO _e1 _hE62N060 |
||
| 999 |
_c318386 _d318386 |
||